[Event "4. Copenhagen Open Politiken Cup"]
[Site "Brndby"]
[Date "1982.??.??"]
[Round "1"]
[White "Boehm, Jurgen"]
[Black "Iskov, Gert"]
[Result "1/2-1/2"]
[WhiteElo "2250"]
[BlackElo "2380"]
[PlyCount "61"]
[EventDate "1982.??.??"]
[EventType "swiss"]
[EventRounds "10"]
[EventCountry "DEN"]
[SourceDate "2004.01.01"]

1. d4 Nf6 2. Nf3 g6 3. Nc3 d5 4. Bf4 Bg7 5. e3 O-O 6. Be2 b6 7. Nb5 Na6 8. c4
Bb7 9. h3 c6 10. Nc3 c5 11. dxc5 Nxc5 12. O-O a6 13. Rc1 dxc4 14. Bxc4 b5 15.
Be2 Re8 16. Qxd8 Rexd8 17. Rfd1 b4 18. Rxd8+ Rxd8 19. Nb1 Nfe4 20. Be5 a5 21.
Bxg7 Kxg7 22. b3 a4 23. bxa4 Nxa4 24. Rc2 Bd5 25. Nbd2 Nac3 26. Nxe4 Bxe4 27.
Rb2 Bd5 28. Nd4 Nxa2 29. Bf3 e5 30. Bxd5 Rxd5 31. Nc6 1/2-1/2

[Event "4. Copenhagen Open Politiken Cup"]
[Site "Brndby"]
[Date "1982.??.??"]
[Round "1"]
[White "Carlsson, Gerner"]
[Black "Ernst, Thomas"]
[Result "0-1"]
[WhiteElo "2210"]
[BlackElo "2355"]
[PlyCount "48"]
[EventDate "1982.??.??"]
[EventType "swiss"]
[EventRounds "10"]
[EventCountry "DEN"]
[SourceDate "2004.01.01"]

1. d4 Nf6 2. c4 c5 3. d5 b5 4. cxb5 a6 5. Nc3 axb5 6. e4 b4 7. Nb5 d6 8. Nf3 g6
9. e5 dxe5 10. Nxe5 Bg7 11. Bc4 O-O 12. O-O Nfd7 13. Nxf7 Rxf7 14. d6 Ne5 15.
Bxf7+ Nxf7 16. Bg5 Bd7 17. Nc7 Nxg5 18. Qd5+ e6 19. Qxa8 Bc6 20. Qa7 Nf3+ 21.
Kh1 Qh4 22. Qxb8+ Kf7 23. h3 Qf4 24. g3 Qf5 0-1

[Event "4. Copenhagen Open Politiken Cup"]
[Site "Brndby"]
[Date "1982.??.??"]
[Round "1"]
[White "Cox, John J"]
[Black "Jakobsen, Ole"]
[Result "0-1"]
[WhiteElo "2285"]
[BlackElo "2410"]
[PlyCount "51"]
[EventDate "1982.??.??"]
[EventType "swiss"]
[EventRounds "10"]
[EventCountry "DEN"]
[SourceDate "2004.01.01"]

1. c4 e5 2. Nc3 Nf6 3. Nf3 Nc6 4. d3 g6 5. g3 Bg7 6. Bg2 O-O 7. O-O d6 8. Rb1
a5 9. Bg5 h6 10. Bxf6 Qxf6 11. a3 Nd4 12. b4 axb4 13. axb4 c6 14. Nxd4 exd4 15.
Na4 Qd8 16. c5 dxc5 17. bxc5 Ra5 18. Qc2 Re8 19. Bf3 Bf8 20. Rb4 b5 21. Nb6 Bh3
22. Bxc6 Bxf1 23. Bxe8 Bh3 24. Rb1 Qxe8 25. c6 Ra6 26. Nd5 0-1

[Event "4. Copenhagen Open Politiken Cup"]
[Site "Brndby"]
[Date "1982.??.??"]
[Round "1"]
[White "Cramling, Pia"]
[Black "Ravikumar, Vaidyanathan"]
[Result "1-0"]
[WhiteElo "2260"]
[BlackElo "2395"]
[PlyCount "75"]
[EventDate "1982.??.??"]
[EventType "swiss"]
[EventRounds "10"]
[EventCountry "DEN"]
[SourceDate "2004.01.01"]

1. e4 e6 2. d4 d5 3. Nd2 Nf6 4. e5 Nfd7 5. Bd3 c5 6. c3 b6 7. Nh3 Ba6 8. Bxa6
Nxa6 9. Nf4 g6 10. h4 b5 11. Nf3 Be7 12. Kf1 Qb6 13. Be3 c4 14. g3 Nc7 15. Kg2
b4 16. Ne2 h5 17. Bg5 Bf8 18. Qd2 Rb8 19. Qf4 bxc3 20. bxc3 Qb2 21. Rhe1 Qc2
22. Rac1 Qf5 23. Qxf5 gxf5 24. Rb1 Rb6 25. Rxb6 axb6 26. a4 Be7 27. Nf4 Ba3 28.
Rb1 Kf8 29. Bd8 Na8 30. a5 Kg7 31. Bxb6 Rb8 32. Nxh5+ Kg8 33. Nf6+ Nxf6 34.
exf6 Bd6 35. Ne5 Rb7 36. Nc6 Bc7 37. Rb4 Nxb6 38. a6 1-0

[Event "4. Copenhagen Open Politiken Cup"]
[Site "Brndby"]
[Date "1982.??.??"]
[Round "1"]
[White "Gallmeyer, Peter"]
[Black "Moe, Mogens"]
[Result "1-0"]
[WhiteElo "2225"]
[BlackElo "2365"]
[PlyCount "59"]
[EventDate "1982.??.??"]
[EventType "swiss"]
[EventRounds "10"]
[EventCountry "DEN"]
[SourceDate "2004.01.01"]

1. d4 Nf6 2. Nf3 g6 3. c4 Bg7 4. Nc3 d5 5. Bg5 dxc4 6. e4 c5 7. d5 b5 8. e5
Nfd7 9. d6 Bb7 10. Nd5 Na6 11. dxe7 Qa5+ 12. Bd2 c3 13. Nxc3 b4 14. Nb5 Bc6 15.
Nd6+ Kxe7 16. Bg5+ Kf8 17. Qb3 c4 18. Qxc4 Nxe5 19. Qxa6 Nxf3+ 20. gxf3 Qe5+
21. Be2 Bxf3 22. Rc1 Re8 23. Nxe8 Qxg5 24. Qd6+ Kg8 25. Rc8 Be5 26. Qd7 Bxh1
27. Nd6+ Kg7 28. Qxf7+ Kh6 29. Rxh8 Bxh8 30. Qf8+ 1-0

[Event "4. Copenhagen Open Politiken Cup"]
[Site "Brndby"]
[Date "1982.??.??"]
[Round "1"]
[White "Hansen, Curt"]
[Black "Hazai, Laszlo"]
[Result "0-1"]
[WhiteElo "2335"]
[BlackElo "2450"]
[PlyCount "100"]
[EventDate "1982.??.??"]
[EventType "swiss"]
[EventRounds "10"]
[EventCountry "DEN"]
[SourceDate "2004.01.01"]

1. e4 e5 2. Nc3 Nc6 3. Bc4 Nf6 4. d3 Bc5 5. Nge2 Na5 6. Ng3 Nxc4 7. dxc4 d6 8.
Qd3 Be6 9. Be3 Bxe3 10. fxe3 Nd7 11. O-O O-O 12. Rf2 a5 13. a4 g6 14. b3 f6 15.
Raf1 Kg7 16. h3 Nc5 17. Qd1 Qd7 18. Rf3 c6 19. R1f2 Qe7 20. Kh2 Rad8 21. Rd2 h5
22. Rf1 b6 23. Nh1 Rh8 24. Nf2 Bc8 25. Nd3 Ne6 26. Rdf2 Rhf8 27. Qb1 Ba6 28.
Qd1 Nc7 29. Qf3 Qe6 30. Qg3 d5 31. exd5 cxd5 32. cxd5 Nxd5 33. Ne4 Bxd3 34.
cxd3 f5 35. Ng5 Qe7 36. h4 Nf6 37. Rc2 Rxd3 38. Rc7 Rd7 39. Rc6 Rd6 40. Rxd6
Qxd6 41. Rc1 Ng4+ 42. Kh3 Rd8 43. Qf3 e4 44. Qg3 Rd7 45. Qxd6 Rxd6 46. Rc3 Rd3
47. Rc7+ Kf6 48. Rc6+ Ke5 49. Rxb6 Rxe3+ 50. g3 Re2 0-1

[Event "4. Copenhagen Open Politiken Cup"]
[Site "Brndby"]
[Date "1982.??.??"]
[Round "1"]
[White "Hartung Nielsen, Jens"]
[Black "Kopec, Danny"]
[Result "0-1"]
[WhiteElo "2240"]
[BlackElo "2375"]
[PlyCount "100"]
[EventDate "1982.??.??"]
[EventType "swiss"]
[EventRounds "10"]
[EventCountry "DEN"]
[SourceDate "2004.01.01"]

1. d4 Nf6 2. Nf3 b6 3. c4 e6 4. a3 Ba6 5. Qc2 c5 6. d5 exd5 7. cxd5 d6 8. Nc3
Be7 9. g3 O-O 10. Bg2 Re8 11. O-O Bf8 12. Re1 Nbd7 13. Bg5 h6 14. Bxf6 Nxf6 15.
e4 Nd7 16. a4 Be7 17. Nb5 Bb7 18. Nd2 a6 19. Nc3 Bf6 20. Nc4 Ne5 21. Ne3 c4 22.
Rf1 Qc7 23. Kh1 Qc5 24. Qd2 Nd3 25. f4 b5 26. e5 dxe5 27. Ne4 Qb6 28. f5 Nc5
29. Nxf6+ Qxf6 30. Qe2 Nb3 31. Rad1 Nd4 32. Qf2 h5 33. Be4 Rad8 34. Rg1 Ne6 35.
g4 Ng5 36. Qg2 h4 37. h3 Qb6 38. Rge1 Qd4 39. Rxd4 exd4 40. Nc2 Nxe4 41. Kh2
Bxd5 42. Nxd4 Ba8 43. Qg1 Ng3 44. Rxe8+ Rxe8 45. Qf2 Re4 46. f6 g6 47. g5 b4
48. Kg1 Rxd4 49. Qe1 Kh7 50. Qxb4 Rf4 0-1

[Event "4. Copenhagen Open Politiken Cup"]
[Site "Brndby"]
[Date "1982.??.??"]
[Round "1"]
[White "Heinbuch, Detlef"]
[Black "Spassov, Liuben"]
[Result "1/2-1/2"]
[WhiteElo "2300"]
[BlackElo "2410"]
[PlyCount "57"]
[EventDate "1982.??.??"]
[EventType "swiss"]
[EventRounds "10"]
[EventCountry "DEN"]
[SourceDate "2004.01.01"]

1. c4 Nf6 2. Nc3 e6 3. e4 c5 4. e5 Ng8 5. d4 cxd4 6. Qxd4 Nc6 7. Qe4 d6 8. Nf3
dxe5 9. Nxe5 Bd7 10. Nxd7 Qxd7 11. Bg5 Bb4 12. Rd1 Bxc3+ 13. bxc3 Qc7 14. Be2
Nge7 15. O-O h6 16. Be3 O-O 17. Bd3 Ng6 18. f4 Rfe8 19. c5 Rad8 20. Bc2 Rxd1
21. Rxd1 Rd8 22. Rxd8+ Qxd8 23. Bd4 Qe7 24. Bb3 Nf8 25. Ba4 Qc7 26. Bc2 Qa5 27.
Bb3 Qc7 28. Bc2 Qa5 29. Bb3 1/2-1/2

[Event "4. Copenhagen Open Politiken Cup"]
[Site "Brndby"]
[Date "1982.??.??"]
[Round "1"]
[White "Hvenekilde, Jorgen"]
[Black "Bellin, Robert"]
[Result "1/2-1/2"]
[WhiteElo "2285"]
[BlackElo "2410"]
[PlyCount "47"]
[EventDate "1982.??.??"]
[EventType "swiss"]
[EventRounds "10"]
[EventCountry "DEN"]
[SourceDate "2004.01.01"]

1. d4 e6 2. Nf3 f5 3. g4 fxg4 4. Ne5 d6 5. Nxg4 e5 6. Ne3 exd4 7. Qxd4 Nc6 8.
Qf4 Nf6 9. Bg2 d5 10. c4 Bd6 11. Qg5 dxc4 12. Bxc6+ bxc6 13. Bd2 Qe7 14. Bc3
Bb4 15. Nd2 Bxc3 16. bxc3 Rb8 17. Rg1 O-O 18. a4 Be6 19. Ndxc4 Bxc4 20. Nxc4
Rbe8 21. Ne3 Nd5 22. Qxe7 Rxe7 23. Nxd5 cxd5 24. Rd1 1/2-1/2

[Event "4. Copenhagen Open Politiken Cup"]
[Site "Brndby"]
[Date "1982.??.??"]
[Round "1"]
[White "Jacobsen, Bo"]
[Black "Schneider, Lars Ake"]
[Result "1/2-1/2"]
[WhiteElo "2315"]
[BlackElo "2435"]
[PlyCount "50"]
[EventDate "1982.??.??"]
[EventType "swiss"]
[EventRounds "10"]
[EventCountry "DEN"]
[SourceDate "2004.01.01"]

1. c4 Nf6 2. g3 e6 3. Nf3 d5 4. b3 Be7 5. Bg2 c5 6. e3 Nc6 7. Bb2 O-O 8. O-O b6
9. Nc3 Bb7 10. Qe2 Ne4 11. d3 Nxc3 12. Bxc3 Bf6 13. Qb2 Bxc3 14. Qxc3 dxc4 15.
dxc4 Qe7 16. Ne5 Nxe5 17. Bxb7 Qxb7 18. Qxe5 Rad8 19. Rad1 Qf3 20. Rd6 Rxd6 21.
Qxd6 Qe2 22. a4 Qc2 23. Qd1 Qc3 24. Re1 Qf6 25. Re2 Rd8 1/2-1/2

[Event "4. Copenhagen Open Politiken Cup"]
[Site "Brndby"]
[Date "1982.??.??"]
[Round "1"]
[White "Jahr, Ulrich"]
[Black "Sahl, Bjarke"]
[Result "1/2-1/2"]
[WhiteElo "2240"]
[BlackElo "2380"]
[PlyCount "68"]
[EventDate "1982.??.??"]
[EventType "swiss"]
[EventRounds "10"]
[EventCountry "DEN"]
[SourceDate "2004.01.01"]

1. e4 c5 2. Nf3 g6 3. c3 d5 4. exd5 Qxd5 5. d4 Bg7 6. Bb5+ Nc6 7. O-O cxd4 8.
Nxd4 Bd7 9. Bxc6 bxc6 10. Be3 Nf6 11. Nb3 O-O 12. Qe2 Bg4 13. f3 Bc8 14. Bd4
Qf5 15. N1d2 Re8 16. Ne4 Nxe4 17. fxe4 Qg4 18. Qf2 f6 19. e5 Ba6 20. Rfe1 Bc4
21. exf6 exf6 22. Nc5 Bd5 23. b3 Kf7 24. h3 Qf5 25. c4 Qxf2+ 26. Kxf2 Be6 27.
Nxe6 Rxe6 28. Rxe6 Kxe6 29. Re1+ Kd7 30. g4 a6 31. g5 Rg8 32. Bc5 Bf8 33. Rd1+
Kc7 34. Be3 fxg5 1/2-1/2

[Event "4. Copenhagen Open Politiken Cup"]
[Site "Brndby"]
[Date "1982.??.??"]
[Round "1"]
[White "Jensen, Vagn"]
[Black "King, Daniel J"]
[Result "0-1"]
[WhiteElo "2220"]
[BlackElo "2365"]
[PlyCount "44"]
[EventDate "1982.??.??"]
[EventType "swiss"]
[EventRounds "10"]
[EventCountry "DEN"]
[SourceDate "2004.01.01"]

1. e4 c5 2. d4 cxd4 3. c3 dxc3 4. Nxc3 Nc6 5. Nf3 e6 6. Bc4 d6 7. O-O Nf6 8.
Qe2 Be7 9. Rd1 e5 10. h3 O-O 11. Be3 a6 12. Rac1 Bd7 13. a3 Rc8 14. b4 b5 15.
Bb3 Be6 16. Bxe6 fxe6 17. Qa2 Qd7 18. Ng5 Nd8 19. Bb6 Rc4 20. a4 Nf7 21. Nxf7
Kxf7 22. axb5 axb5 0-1

[Event "4. Copenhagen Open Politiken Cup"]
[Site "Brndby"]
[Date "1982.??.??"]
[Round "1"]
[White "Johansen, Darryl Keith"]
[Black "Davies, Nigel"]
[Result "1-0"]
[WhiteElo "2275"]
[BlackElo "2410"]
[PlyCount "78"]
[EventDate "1982.??.??"]
[EventType "swiss"]
[EventRounds "10"]
[EventCountry "DEN"]
[SourceDate "2004.01.01"]

1. d4 g6 2. e4 Bg7 3. c4 d6 4. Nc3 Nc6 5. d5 Nd4 6. Be3 c5 7. dxc6 Nxc6 8. Qd2
Nf6 9. Be2 O-O 10. h4 h5 11. f3 Qa5 12. Nh3 Bxh3 13. Rxh3 Ne5 14. Rc1 Rfc8 15.
b3 Kh7 16. Rh1 Qd8 17. Kf2 b5 18. Nxb5 Neg4+ 19. Kg1 Nxe3 20. Qxe3 Bh6 21. f4
e5 22. g3 d5 23. exd5 exf4 24. gxf4 Qd7 25. Rf1 Re8 26. Qd3 Ne4 27. Rh2 a6 28.
Nd4 Nc5 29. Qg3 Ne4 30. Qd3 Nc5 31. Qc2 Qd6 32. Rhf2 Ne4 33. Rf3 Qf6 34. Ne6
fxe6 35. Qxe4 exd5 36. Qc2 Qxh4 37. Bd3 Qg4+ 38. Kh2 dxc4 39. bxc4 Rad8 1-0

[Event "4. Copenhagen Open Politiken Cup"]
[Site "Brndby"]
[Date "1982.??.??"]
[Round "1"]
[White "Kovacs, Laszlo"]
[Black "Velikov, Petar"]
[Result "0-1"]
[WhiteElo "2340"]
[BlackElo "2470"]
[PlyCount "84"]
[EventDate "1982.??.??"]
[EventType "swiss"]
[EventRounds "10"]
[EventCountry "DEN"]
[SourceDate "2004.01.01"]

1. d4 d5 2. Nf3 Nf6 3. Bf4 e6 4. e3 c5 5. c3 Nc6 6. Nbd2 Be7 7. h3 O-O 8. Bd3
b6 9. O-O Bb7 10. Re1 Nd7 11. e4 dxe4 12. Nxe4 cxd4 13. cxd4 Nb4 14. Bb1 Nf6
15. Nc3 Rc8 16. a3 Nbd5 17. Bd2 Qd6 18. Ne5 Rfd8 19. Nb5 Qb8 20. Qe2 Nc7 21.
Nc3 Qa8 22. f3 Rxd4 23. Be3 Rdd8 24. Bg5 Ba6 25. Qc2 Ncd5 26. Ng4 g6 27. Qa4
Nxg4 28. Bxe7 Nxe7 29. Qxg4 Qc6 30. Ne4 Kg7 31. Qh4 Ng8 32. Ba2 h6 33. Rad1
Rxd1 34. Rxd1 Be2 35. Rd2 Qc1+ 36. Kh2 Rc2 37. Rxc2 Qxc2 38. Qf2 Qxb2 39. Ng3
Qxa2 40. Nxe2 Qxa3 41. Qd4+ Nf6 42. f4 Qa5 0-1

[Event "4. Copenhagen Open Politiken Cup"]
[Site "Brndby"]
[Date "1982.??.??"]
[Round "1"]
[White "Kraehenbuehl, Gerhard"]
[Black "Kirov, Nino"]
[Result "1/2-1/2"]
[WhiteElo "2305"]
[BlackElo "2430"]
[PlyCount "82"]
[EventDate "1982.??.??"]
[EventType "swiss"]
[EventRounds "10"]
[EventCountry "DEN"]
[SourceDate "2004.01.01"]

1. c4 Nf6 2. Nc3 d5 3. cxd5 Nxd5 4. g3 g6 5. Bg2 Nxc3 6. bxc3 Bg7 7. Rb1 Nd7 8.
Qc2 O-O 9. d3 Rb8 10. Nf3 Nb6 11. O-O Bd7 12. Nd4 c5 13. Nb5 a6 14. Na3 Ba4 15.
Qd2 Nd5 16. Bb2 e5 17. c4 Ne7 18. f4 exf4 19. Bxg7 Kxg7 20. Qxf4 b6 21. Qf6+
Kg8 22. Be4 Qc7 23. Rf4 Bc6 24. Nc2 Bxe4 25. Rxe4 Nf5 26. g4 Qd6 27. Qe5 Qxe5
28. Rxe5 Ng7 29. Ne3 Rfe8 30. Rxe8+ Nxe8 31. a4 Nc7 32. g5 h6 33. gxh6 f5 34.
Kf2 Kh7 35. Nd5 Nxd5 36. cxd5 Kxh6 37. d6 Kg5 38. d7 Rd8 39. Rxb6 Rxd7 40. Rxa6
Rh7 41. Kg3 c4 1/2-1/2

[Event "4. Copenhagen Open Politiken Cup"]
[Site "Brndby"]
[Date "1982.??.??"]
[Round "1"]
[White "Sorensen, Bent"]
[Black "Hjartarson, Johann"]
[Result "0-1"]
[WhiteElo "2305"]
[BlackElo "2425"]
[PlyCount "38"]
[EventDate "1982.??.??"]
[EventType "swiss"]
[EventRounds "10"]
[EventCountry "DEN"]
[SourceDate "2004.01.01"]

1. g3 c5 2. Bg2 Nc6 3. d3 g6 4. f4 Bg7 5. Nf3 d5 6. O-O d4 7. e4 dxe3 8. Nc3 b6
9. Bxe3 Bb7 10. Qd2 Nh6 11. Kh1 Nf5 12. g4 Nxe3 13. Qxe3 Qd7 14. h3 h5 15. g5
Nd4 16. Rac1 Nxf3 17. Rxf3 Bxf3 18. Qxf3 Rc8 19. Re1 O-O 0-1

[Event "4. Copenhagen Open Politiken Cup"]
[Site "Brndby"]
[Date "1982.??.??"]
[Round "1"]
[White "Sorensen, Henrik"]
[Black "Gulbrandsen, Arne Vinje"]
[Result "1/2-1/2"]
[WhiteElo "2235"]
[BlackElo "2370"]
[PlyCount "52"]
[EventDate "1982.??.??"]
[EventType "swiss"]
[EventRounds "10"]
[EventCountry "DEN"]
[SourceDate "2004.01.01"]

1. d4 d5 2. Bf4 Nf6 3. e3 c5 4. c3 Nc6 5. Nd2 cxd4 6. exd4 g6 7. Bd3 Bg7 8.
Ngf3 Nh5 9. Bg3 O-O 10. O-O Nxg3 11. hxg3 Qd6 12. Re1 Bg4 13. Be2 f6 14. Qb3
Na5 15. Qa4 b6 16. c4 Bd7 17. Qa3 Qxa3 18. bxa3 e6 19. cxd5 exd5 20. Ba6 Rfd8
21. Nb3 Nc6 22. Rac1 Rab8 23. Bb5 Rbc8 24. Ba6 Rb8 25. Bb5 Rbc8 26. Ba6 Rb8
1/2-1/2

[Event "4. Copenhagen Open Politiken Cup"]
[Site "Brndby"]
[Date "1982.??.??"]
[Round "1"]
[White "Trepp, Markus"]
[Black "Fries Nielsen, Jens Ove"]
[Result "0-1"]
[WhiteElo "2210"]
[BlackElo "2355"]
[PlyCount "76"]
[EventDate "1982.??.??"]
[EventType "swiss"]
[EventRounds "10"]
[EventCountry "DEN"]
[SourceDate "2004.01.01"]

1. e4 e5 2. Nf3 d6 3. d4 exd4 4. Nxd4 Nf6 5. Nc3 Be7 6. Bc4 O-O 7. Bb3 Na6 8.
O-O Nc5 9. Qf3 c6 10. Re1 a5 11. Bc4 Ng4 12. Bf4 Bf6 13. Rad1 Ne5 14. Bxe5 Bxe5
15. Qe3 Qf6 16. g3 Re8 17. f4 Bxd4 18. Qxd4 Qxd4+ 19. Rxd4 d5 20. Bf1 dxe4 21.
Na4 Nxa4 22. Rexe4 Be6 23. Rxa4 b5 24. Ra3 Red8 25. c4 Rd2 26. cxb5 cxb5 27.
Bxb5 Rxb2 28. Bc4 Rb4 29. Bxe6 Rxe4 30. Bd5 Re1+ 31. Kf2 Rae8 32. Rxa5 Rd1 33.
Bc4 Rd4 34. Bb3 Rd7 35. Ba4 Rd2+ 36. Kf3 Rxa2 37. Bxe8 Rxa5 38. Bc6 f5 0-1

[Event "4. Copenhagen Open Politiken Cup"]
[Site "Brndby"]
[Date "1982.??.??"]
[Round "1"]
[White "Van Mil, Johan"]
[Black "Wedberg, Tom"]
[Result "0-1"]
[WhiteElo "2315"]
[BlackElo "2435"]
[PlyCount "102"]
[EventDate "1982.??.??"]
[EventType "swiss"]
[EventRounds "10"]
[EventCountry "DEN"]
[SourceDate "2004.01.01"]

1. e4 e5 2. Nf3 Nc6 3. Bc4 Nf6 4. d3 Bc5 5. O-O d6 6. c3 Bb6 7. Nbd2 Qe7 8. Re1
Be6 9. Bb5 O-O 10. h3 Nb8 11. Nc4 c6 12. Nxb6 axb6 13. Ba4 b5 14. Bc2 c5 15. d4
Rd8 16. Bg5 h6 17. Bh4 Bxa2 18. b3 Nbd7 19. Qe2 c4 20. b4 Ra6 21. dxe5 dxe5 22.
Red1 Rda8 23. Rd2 Bb3 24. Rxa6 bxa6 25. Bxb3 cxb3 26. Rb2 Nb6 27. Nd2 Rc8 28.
Rxb3 Na4 29. c4 bxc4 30. Nxc4 Qe6 31. Bxf6 Rxc4 32. Ra3 Rxb4 33. Bh4 Qc6 34.
Re3 a5 35. Qg4 Nb6 36. Qf5 Qe6 37. Qxe6 fxe6 38. Be7 Rb1+ 39. Kh2 a4 40. Ra3
Rb3 41. Ra2 Nc8 42. Ba3 Rc3 43. f3 Kf7 44. Kg3 Nb6 45. Bb4 Rc4 46. Bd6 Kf6 47.
Kf2 Nc8 48. Bb8 Ne7 49. Rb2 a3 50. Rb1 Rc2+ 51. Kg3 Rb2 0-1

[Event "4. Copenhagen Open Politiken Cup"]
[Site "Brndby"]
[Date "1982.??.??"]
[Round "1"]
[White "Welin, Thomas"]
[Black "Westerinen, Heikki"]
[Result "1/2-1/2"]
[WhiteElo "2330"]
[BlackElo "2440"]
[PlyCount "22"]
[EventDate "1982.??.??"]
[EventType "swiss"]
[EventRounds "10"]
[EventCountry "DEN"]
[SourceDate "2004.01.01"]

1. c4 e6 2. Nc3 d5 3. d4 Nf6 4. Bg5 Be7 5. Nf3 O-O 6. Qc2 c5 7. dxc5 dxc4 8. e4
Qa5 9. Bxf6 Bxf6 10. h3 e5 11. Bxc4 Qxc5 1/2-1/2

[Event "4. Copenhagen Open Politiken Cup"]
[Site "Brndby"]
[Date "1982.??.??"]
[Round "1"]
[White "Wicker, Kevin J"]
[Black "Akesson, Ralf"]
[Result "0-1"]
[WhiteElo "2275"]
[BlackElo "2405"]
[PlyCount "88"]
[EventDate "1982.??.??"]
[EventType "swiss"]
[EventRounds "10"]
[EventCountry "DEN"]
[SourceDate "2004.01.01"]

1. d4 Nf6 2. c4 c5 3. d5 a6 4. Nf3 b5 5. Nfd2 d6 6. a4 b4 7. b3 g6 8. Bb2 Bh6
9. Ne4 Nxe4 10. Bxh8 f6 11. e3 Kf7 12. Bd3 Nc3 13. Nxc3 bxc3 14. Bxf6 exf6 15.
Rc1 Qa5 16. O-O f5 17. f4 Nd7 18. g4 fxg4 19. Qxg4 Nf6 20. Qh4 Bg7 21. e4 Qc7
22. Rce1 Qe7 23. e5 Nh5 24. e6+ Kf8 25. Qg4 Bd4+ 26. Kh1 Nf6 27. Qg2 Bb7 28.
Bc2 a5 29. Rd1 Re8 30. f5 Qg7 31. fxg6 Rxe6 32. Qh3 Re3 33. Qh4 hxg6 34. Rxd4
g5 35. Re4 gxh4 36. Rxe3 h3 37. Rxh3 Ke7 38. Rg3 Qh8 39. Rgf3 Ng4 40. Rf7+ Ke8
41. Rh7 Bxd5+ 42. cxd5 Qg8 43. Be4 c2 44. Bxc2 Ne3 0-1

[Event "4. Copenhagen Open Politiken Cup"]
[Site "Brndby"]
[Date "1982.??.??"]
[Round "1"]
[White "Wiedenkeller, Michael"]
[Black "Sznapik, Aleksander"]
[Result "1/2-1/2"]
[WhiteElo "2320"]
[BlackElo "2440"]
[PlyCount "57"]
[EventDate "1982.??.??"]
[EventType "swiss"]
[EventRounds "10"]
[EventCountry "DEN"]
[SourceDate "2004.01.01"]

1. e4 g6 2. d4 Bg7 3. g3 d6 4. Bg2 Nf6 5. Ne2 O-O 6. O-O Nc6 7. h3 e5 8. Be3
exd4 9. Nxd4 Bd7 10. Nc3 Re8 11. Re1 a6 12. Nxc6 Bxc6 13. Bd4 Re6 14. Qd2 Qd7
15. Nd5 Rae8 16. Bxf6 Bxf6 17. Nxf6+ Rxf6 18. Re3 Rfe6 19. Rae1 Qe7 20. Qd4 Qg5
21. f4 Qe7 22. e5 Bxg2 23. Kxg2 Qd7 24. exd6 Qc6+ 25. Kg1 Rxe3 26. Rxe3 Rxe3
27. Qxe3 Qxd6 28. Kf2 Kf8 29. g4 1/2-1/2

[Event "4. Copenhagen Open Politiken Cup"]
[Site "Brndby"]
[Date "1982.??.??"]
[Round "2"]
[White "Bellin, Robert"]
[Black "Berg, Klaus"]
[Result "1-0"]
[WhiteElo "2410"]
[BlackElo "2295"]
[PlyCount "75"]
[EventDate "1982.??.??"]
[EventType "swiss"]
[EventRounds "10"]
[EventCountry "DEN"]
[SourceDate "2004.01.01"]

1. e4 d5 2. exd5 Qxd5 3. Nc3 Qa5 4. d4 Nf6 5. Nf3 Bf5 6. Bd2 c6 7. Bc4 e6 8.
Qe2 Bb4 9. O-O-O Nbd7 10. Nh4 Bg4 11. f3 Bxc3 12. bxc3 Bh5 13. g4 Bg6 14. Bb3
Qa3+ 15. Kb1 Nb6 16. Qe1 O-O-O 17. Bc1 Qa6 18. Qf1 Qa5 19. Nxg6 hxg6 20. c4 Na4
21. Bd2 Nc3+ 22. Bxc3 Qxc3 23. Rd3 Qa5 24. c5 Qc7 25. h4 Qg3 26. Rh3 Qf4 27.
Qg1 g5 28. h5 g6 29. h6 Rh7 30. c3 Rdh8 31. Qh1 Ng8 32. Qe1 Rxh6 33. Rxh6 Nxh6
34. c4 Rd8 35. d5 Ng8 36. Qa5 Nf6 37. d6 a6 38. Qc7# 1-0

[Event "4. Copenhagen Open Politiken Cup"]
[Site "Brndby"]
[Date "1982.??.??"]
[Round "2"]
[White "Brinck Claussen, Bjorn"]
[Black "Rosenlund, Thorbjorn"]
[Result "1-0"]
[WhiteElo "2380"]
[BlackElo "2260"]
[PlyCount "81"]
[EventDate "1982.??.??"]
[EventType "swiss"]
[EventRounds "10"]
[EventCountry "DEN"]
[SourceDate "2004.01.01"]

1. d4 d5 2. c4 e6 3. Nc3 c6 4. Nf3 Nf6 5. cxd5 exd5 6. Bg5 Bf5 7. e3 Qb6 8. Qc1
Ne4 9. Nxe4 Bxe4 10. Nd2 Bd6 11. Bh4 O-O 12. Bg3 Bxg3 13. hxg3 Bg6 14. Qc3 Na6
15. Bd3 c5 16. dxc5 Nxc5 17. Bxg6 hxg6 18. O-O Ne6 19. Nf3 Rac8 20. Qd2 Rc5 21.
Rac1 Rfc8 22. Rfd1 a6 23. Rxc5 Qxc5 24. Qxd5 Qxd5 25. Rxd5 Rc1+ 26. Kh2 Rf1 27.
Rd2 f6 28. Rc2 g5 29. g4 Kf7 30. g3 b6 31. Kg2 Rb1 32. Nd2 Ra1 33. b4 a5 34.
bxa5 bxa5 35. Nb3 Rd1 36. Nxa5 Rd5 37. Nb3 Nf8 38. a4 Ng6 39. Rc7+ Kg8 40. a5
Rd8 41. a6 1-0

[Event "4. Copenhagen Open Politiken Cup"]
[Site "Brndby"]
[Date "1982.??.??"]
[Round "2"]
[White "Davies, Nigel"]
[Black "Sorensen, Bent"]
[Result "1-0"]
[WhiteElo "2410"]
[BlackElo "2305"]
[PlyCount "67"]
[EventDate "1982.??.??"]
[EventType "swiss"]
[EventRounds "10"]
[EventCountry "DEN"]
[SourceDate "2004.01.01"]

1. c4 e6 2. g3 d5 3. Bg2 c6 4. Qc2 Nd7 5. Nf3 Ngf6 6. O-O Be7 7. b3 O-O 8. Bb2
b6 9. d3 Bb7 10. Nbd2 c5 11. e4 Qc7 12. Rfe1 d4 13. h3 e5 14. Rf1 Ne8 15. Rae1
Nd6 16. Nh2 Rae8 17. Bc1 a6 18. Ng4 Bc6 19. f4 exf4 20. gxf4 Bh4 21. Nf2 Qb7
22. Nf3 Bg3 23. Qd1 b5 24. Bh1 bxc4 25. bxc4 h5 26. h4 Nb6 27. Ne5 Ba4 28. Qxh5
Re6 29. Qg4 Nd7 30. Qxg3 Nxe5 31. h5 Ndxc4 32. dxc4 Nxc4 33. f5 Rb6 34. Ng4 1-0

[Event "4. Copenhagen Open Politiken Cup"]
[Site "Brndby"]
[Date "1982.??.??"]
[Round "2"]
[White "Ermenkov, Evgeny"]
[Black "Welin, Thomas"]
[Result "1/2-1/2"]
[WhiteElo "2460"]
[BlackElo "2330"]
[PlyCount "80"]
[EventDate "1982.??.??"]
[EventType "swiss"]
[EventRounds "10"]
[EventCountry "DEN"]
[SourceDate "2004.01.01"]

1. e4 c5 2. Nf3 d6 3. g3 g6 4. Bg2 Bg7 5. c3 Nf6 6. O-O O-O 7. Re1 Nc6 8. h3 e5
9. d4 exd4 10. cxd4 cxd4 11. Nxd4 Nxd4 12. Qxd4 Re8 13. Qb4 a5 14. Qa3 d5 15.
Bg5 d4 16. Nd2 h6 17. Bxf6 Bxf6 18. Qd3 Bg7 19. f4 b6 20. b3 Ba6 21. Nc4 b5 22.
Nd2 Rc8 23. Kh2 Rc3 24. Qf1 Rc2 25. Qd3 Rc3 26. Qf1 Qb6 27. e5 b4 28. Nc4 Qc5
29. Rad1 Kh8 30. Qf2 Bxc4 31. bxc4 Rxc4 32. Rd2 a4 33. Bf1 Rc1 34. Rxc1 Qxc1
35. Bb5 Ra8 36. Qxd4 b3 37. Bc4 Rb8 38. axb3 axb3 39. Qd6 Bf8 40. Qf6+ Bg7
1/2-1/2